00743nam a22002057a 450000500170000000800410001701000140005802000230007203500130009503700150010804000180012308200080014110000170014924501360016626000470030227000730034930000330042265000600045570000220051520090521135920.0090521t xxu||||| |||| 00| 0 eng d aENG-93646 a8186877223c395.00 aEN-77179 bDBAD / PUB adplbEnglish  a000 aAbul Hashem  aR. Gupta's popular master guide M.B.A. entrance examinations :cby Abul Hashem [and] Anjani A. GuptabGGS Indraprastha University / aNew Delhi bRamesh Publishing House c2009 a12-H, New Daryaganj Road, Opp. Traffic Kotwali, bNew Delhi e110002 aVarious pagings c25cm(pbk)  aMaster in Business Administration entrance examinations aGupta, Anjani A.